000 00549nam a2200181 u 4500
001 000638403
003 AM-YeHGA
005 20250617140723.0
008 090304s1962 ||| r 000 0 rus d
040 _aAM-YeHGA
041 0 _arus
100 1 _aКалашников, Иван Федорович
245 1 0 _aЛевитан :
_bПовесть в стихах /
_cИван Калашников.
260 _aАлма-Ата :
_bКазгосиздат,
_c1962.
300 _a124 с.
653 0 _aРусская поэзия
090 _c226936
999 _c225395
_d225395